书目信息 |
| 题名: |
朗文英语语法与练习
|
|
| 作者: | 亚历山大 著 | |
| 分册: | ||
| 出版信息: | 北京 外语教学与研究出版社 2000.06 |
|
| 页数: | 470页 | |
| 开本: | 20cm | |
| 丛书名: | ||
| 单 册: | ||
| 中图分类: | H314 | |
| 科图分类: | ||
| 主题词: | 英语 | |
| 电子资源: | ||
| ISBN: | 7-5600-1563-8 | |
| 000 | 00561nam0 2200193 45 | |
| 001 | 0430456553 | |
| 005 | 20041028154804.92 | |
| 010 | @a7-5600-1563-8@dCNY 18.90 | |
| 100 | @a20040430d2000 km y0chiy0120 ea | |
| 101 | 0 | @achi |
| 102 | @aCN@b110000 | |
| 200 | 1 | @a朗文英语语法与练习@ALang Wen Ying Yu Yu Fa Yu Lian Xi@f(英)亚历山大著@F(Ying)Ya Li Shan Da Zhu |
| 210 | @a北京@c外语教学与研究出版社@d2000.06 | |
| 215 | @a470页@d20cm | |
| 606 | 0 | @a英语 |
| 690 | @aH314@v4 | |
| 701 | 0 | @a亚历山大@AYa Li Shan Da@4著 |
| 801 | 0 | @aCN@bPFT@c20041028 |
| 905 | @dH314@eY021 | |
| 朗文英语语法与练习/(英)亚历山大著.-北京:外语教学与研究出版社,2000.06 |
| 470页;20cm |
| ISBN 7-5600-1563-8:CNY 18.90 |
| ● |
| 相关链接 |
|
|
|
正题名:朗文英语语法与练习
索取号:H314/Y021
 
预约/预借
| 序号 | 登录号 | 条形码 | 馆藏地/架位号 | 状态 | 备注 |
| 1 | 377792 | 203777920 | 语言库209/209语言库 35排3列3层/ [索取号:H314/Y021] | 在馆 | |
| 2 | 377793 | 203777939 | 语言库209/209语言库 35排3列3层/ [索取号:H314/Y021] | 在馆 | |
| 3 | 377794 | 203777948 | 语言库209/209语言库 35排3列3层/ [索取号:H314/Y021] | 在馆 | |
| 4 | 377795 | 203777957 | 社科二线400B/400B社科库 10排1列1层/ [索取号:H314/Y021] | 在馆 | |
| 5 | 377796 | 203777966 | 语言库209/209语言库 35排3列3层/ [索取号:H314/Y021] | 在馆 | |
| 6 | 423654 | 204236549 | 语言库209/209语言库 35排3列3层/ [索取号:H314/Y021] | 在馆 | |
| 7 | 423655 | 204236558 | 语言库209/209语言库 35排3列3层/ [索取号:H314/Y021] | 在馆 | |
| 8 | 423656 | 204236567 | 语言库209/209语言库 35排3列3层/ [索取号:H314/Y021] | 在馆 | |
| 9 | 423657 | 204236576 | 语言库209/ [索取号:H314/Y021] | 在馆 | |
| 10 | 423658 | 204236585 | 社科二线400B/400B社科库 10排1列1层/ [索取号:H314/Y021] | 在馆 | |
| 11 | 426850 | 204268504 | 社科二线400B/400B社科库 10排1列1层/ [索取号:H314/Y021] | 在馆 | |
| 12 | 426851 | 204268513 | 语言库209/209语言库 35排3列3层/ [索取号:H314/Y021] | 在馆 | |
| 13 | 426852 | 204268522 | 社科二线400B/400B社科库 10排1列1层/ [索取号:H314/Y021] | 在馆 | |
| 14 | 426853 | 204268531 | 语言库209/209语言库 35排3列3层/ [索取号:H314/Y021] | 在馆 | |
| 15 | 426854 | 204268540 | 语言库209/209语言库 35排3列3层/ [索取号:H314/Y021] | 在馆 |